000 00337 a2200157 4500
001 64414
020 _a9788564855014
040 _cAnchieta - Pituba
100 _aMedina, Francisco
240 1 0 _aA fada e o bruxo
_lpor
245 1 0 _aA fada e o bruxo
300 _a318
362 0 _a2012
650 4 _aLiteratura juvenil
942 _cBK
999 _c64414
_d64414